Welcome to CU Library Online Public Access Catalogue (OPAC)

SOIL EROSION AND CONSERVATION (Record no. 7770)

MARC details
000 -LEADER
fixed length control field 00393nam a22001457a 4500
005 - DATE AND TIME OF LATEST TRANSACTION
control field 20250926150503.0
008 - FIXED-LENGTH DATA ELEMENTS--GENERAL INFORMATION
fixed length control field 250926b |||||||| |||| 00| 0 eng d
020 ## - INTERNATIONAL STANDARD BOOK NUMBER
International Standard Book Number 9788122403053
050 ## - LIBRARY OF CONGRESS CALL NUMBER
Classification number S623
Item number TRI
100 ## - MAIN ENTRY--PERSONAL NAME
Personal name TRIPATHI R. P.
245 ## - TITLE STATEMENT
Title SOIL EROSION AND CONSERVATION
260 ## - PUBLICATION, DISTRIBUTION, ETC.
Place of publication, distribution, etc. NEW DELHI
Name of publisher, distributor, etc. NEW AGE INTERNATIONAL, LTD PUBLISHERS
Date of publication, distribution, etc. 1993
300 ## - PHYSICAL DESCRIPTION
Extent viii, 305p
942 ## - ADDED ENTRY ELEMENTS (KOHA)
Source of classification or shelving scheme Library of Congress Classification
Koha item type Books
Suppress in OPAC No
999 ## -
-- 7770
-- 7770
Holdings
Withdrawn status Lost status Source of classification or shelving scheme Damaged status Not for loan Collection Home library Current library Shelving location Date acquired Total checkouts Full call number Barcode Date last seen Copy number Price effective from Koha item type
    Library of Congress Classification     Non-fiction Science Library (Miotso) Science Library (Miotso) General stacks 11/06/2025   S623 TRI SLM00005471 11/06/2025 1 11/06/2025 Books
    Library of Congress Classification     Non-fiction Undergraduate Library (Christ Temple) Undergraduate Library (Christ Temple) General stacks 09/26/2025   S623 TRI ULCT00005088 09/26/2025 1 09/26/2025 Books
    Library of Congress Classification     Non-fiction Undergraduate Library (Christ Temple) Undergraduate Library (Christ Temple) General stacks 09/27/2025   S623 TRI ulct00005114 09/27/2025 1 09/27/2025 Books
© 2023-2024 Copyright: Central University Libraries. All Rights Reserved | Created by: Mahone Tech Office